000 00548nam a2200181Ia 4500
999 _c1638
_d1638
003 OSt
005 20201109144208.0
008 190216s9999||||xx |||||||||||||| ||und||
020 _a9788121924429
040 _coclc
082 _a574.87
_bVER/C
100 _aVerma, P S
_94907
245 0 _aCell Biology, Genetics, Molecular Biology, Evolution And Ecology /
_cP S Verma ; V K Agarwal
260 _bS Chand & Co,
_aNew Delhi:
_c2005.
300 _a1267p
650 _aBotany
942 _cBK
_2ddc
_h574.87
_iVER/C
_k574.87
_mVER/C